Tìm hiểu luật giao thông đường bộ

Guardat en:
Dades bibliogràfiques
Format: Llibre
Idioma:Undetermined
Publicat: Hà Nội Lao động 2007
Matèries:
Etiquetes: Afegir etiqueta
Sense etiquetes, Sigues el primer a etiquetar aquest registre!
Thư viện lưu trữ: Trung tâm Học liệu Trường Đại học Cần Thơ
LEADER 00646nam a2200193Ia 4500
001 CTU_128845
008 210402s9999 xx 000 0 und d
020 |c 15000 
082 |a 343.597093 
082 |b T310 
245 0 |a Tìm hiểu luật giao thông đường bộ 
245 0 |c Nguyễn Thành Long (Sưu tầm và hệ thống) 
260 |a Hà Nội 
260 |b Lao động 
260 |c 2007 
650 |a Traffic regulations,Traffic safety,Luật giao thông đường bộ 
650 |z Vietnam,Vietnam,Việt Nam 
904 |i Giang 
980 |a Trung tâm Học liệu Trường Đại học Cần Thơ